Estadísticas para Geografía por Letra - B

Haz click aquí para intentar la prueba.

Estadísticas generales

  • Esta prueba ha sido intentada 6.214 veces
  • La puntuación promedio es 15 de 22

Estadísticas de respuestas

PistaRespuesta% Correcto
Capital de AlemaniaBerlín
99%
Capital de ColombiaBogotá
93%
País en CentroaméricaBelice
91%
País sin litoral en las AméricasBolivia
89%
Capital de RumaniaBucarest
82%
Otro nombre para MyanmarBirmania
81%
País que está al sur de RuandaBurundi
78%
Mar que limita con Suecia, Letonia, Polonia, etc.Báltico
77%
País que limita con NigeriaBenin
75%
Capital de IrakBagdad
74%
Anfitrión de los Juegos Olímpicos de 1992Barcelona
73%
Ciudad española con un museo GuggenheimBilbao
71%
Península de Albania, Serbia, Grecia, etc..Balcanes
66%
Estrecho entre Rusia y AlaskaBering
65%
Apodo para la industria cinematográfica de MumbaiBollywood
64%
Capital de MassachusettsBoston
58%
Ciudad italiana o tipo de carne de almuerzoBolonia
54%
Antigua ciudad que estaba cerca de la respuesta anteriorBabilonia
49%
Estado alemán donde se encuentra Munich, famoso por el OktoberfestBaviera
46%
Isla compartida por tres países diferentesBorneo
37%
Capital de QueenslandBrisbane
27%
La montaña más alta de Gran BretañaBen Nevis
16%

Distribución de puntuación

Porcentaje por número respondido

Porcentaje de gente con cada puntuación

Historial de tus puntuaciones

No has intentado esta prueba.